00459nam a2200181Ia 4500003000400000005001700004008004100021020001800062040000700080041000800087082001900095100001900114245006600133250000600199260003800205300002000243650001400263OSt20230401124448.0210423s1998 xx 000 0 und d a0-471-17574-9 cAL aeng a540 223bHOLF aHOLUM (John R) aFundamentals of general organic and biological chemistry Ed 6 a6 aNew YorkbJohn Wiley & Sonsc1998 axvi,800,104bHB aChemistry